000 00455nam a2200193Ia 4500
005 20240823030607.0
008 240823s9999||||xx |||||||||||||| ||und||
020 _a978-0-7506-5546-0
041 _aENGLISH
082 _A004.165 Q1
100 _aSteve Heath
245 0 _aEmbedded Systems Design
250 _a2nd
260 _c2011
_bEls
_aJapan
500 _aYES
650 _aEmbedded Systems
_bComputer Science
942 _cBK
999 _c189064
_d189064